Malaysian trees in colour

Bibliographic Details
Main Author: CHIN
Other Authors: Enoch
Format: Book
Published: Kuala Lumpur : Tropical Press , 1998 [1988]
Subjects:

MARC

LEADER 00000cam a2200000 7i4500
001 0000001121
005 20140105.0
020 0 0 |a 9677300091 
090 0 0 |a 634.909595   |b CHI 1998 
100 1 0 |a CHIN   |h Hoong Fong 
245 1 0 |a Malaysian trees in colour   |c Chin Hoong Fong, Ivan C. Enoch 
260 0 0 |a Kuala Lumpur :   |b Tropical Press ,   |c 1998 [1988] 
300 |a xix, 180 p. :   |b col.ill. ;   |c 25 cm. 
500 0 0 |a Includes index 
650 0 0 |a Trees   |z Malaysia 
700 0 1 |a Enoch   |h Ivan C. 
998 |a JPSM 
999 |a 0000002049   |b Monograph   |c Open Shelf   |e Default branch